Normal view
MARC view
- East, Roger
Entry Personal Name
001 - CONTROL NUMBER
- control field: 128819
003 - CONTROL NUMBER IDENTIFIER
- control field: NUST
005 - DATE AND TIME OF LATEST TRANSACTION
- control field: 20250505140042.0
008 - FIXED-LENGTH DATA ELEMENTS
- fixed length control field: 250505|| aca||aabn | a|a d
040 ## - CATALOGING SOURCE
- Original cataloging agency: NUST
- Transcribing agency: NUST
100 ## - HEADING--PERSONAL NAME
- Personal name: East, Roger
670 ## - SOURCE DATA FOUND
- Source citation: Work cat.: (NUST)0: East, Roger., Profiles of people in power :, c2003.
